| 000 | 00596cam a2200241 4500 | ||
|---|---|---|---|
| 001 | ABS63827 | ||
| 008 | 000000n2001 000 0 eng u | ||
| 035 | _a(Sirsi) u112123 | ||
| 245 | _aProperty Week Scotland Supplement | ||
| 260 | _c2001 | ||
| 490 |
_aProperty Week _vMarch 2001 (62) LOAN |
||
| 590 | _aABS | ||
| 650 | _aREGENERATION | ||
| 650 | _aLAND PRICES | ||
| 650 | _aGLASGOW | ||
| 650 | _aABERDEEN | ||
| 650 | _aDUNDEE | ||
| 650 | _aSCOTLAND | ||
| 650 | _aINVERNESS | ||
| 650 | _aLEITH | ||
| 690 | _aPROPERTY-COMMERCIAL PROPERTY-COMMERCIAL PROPERTY MARKET | ||
| 942 | _n0 | ||
| 999 |
_c66774 _d66774 |
||